000 00431nam a2200181Ia 4500
001 2907
005 20260306144841.0
008 260306t2005||||xx |||||||||||||| ||spa||
041 _aESP
082 _a232.908
_bS12
100 _aJackson, John
_eAUT
245 0 _aLa Sábana Santa:
_brespuestas a un enigma
260 _c2005
300 _a159 páginas :
_c20 cm.
650 _aGEN
654 _aCHU
942 _cLIB
_dJUS
_fJUS
_2ddc
_n
999 _c2907
_d2907